| 000 | 00492nam a2200193 4500 | ||
|---|---|---|---|
| 003 | LK-CoMWRAF | ||
| 005 | 20231127114928.0 | ||
| 008 | 231126b1946 |||||||| |||| 00| 0 eng d | ||
| 040 |
_aLK-CoMWRAF _dLK-CoMWRAF _eLK-CoMWRAF |
||
| 041 | _aeng | ||
| 082 |
_a657.2 _bWAI |
||
| 100 | _aWait, S.T. | ||
| 245 | _aA textbook of practical book-keeping | ||
| 250 | _a3rd ed. | ||
| 260 |
_aColombo: _bWahid & Bros, _c1946 |
||
| 300 |
_a253 p. _bIndex included |
||
| 650 | _aBOOKKEEPING | ||
| 942 | _cBK | ||
| 999 |
_c4248 _d4248 |
||